[Event "Ch Mallorca (team) (preferente)"]
[Site "masterchessopen.com Palma de Majorca (Spain)"]
[Round "7"]
[White "Gaya Yodra Juan (ESP)"]
[Black "Sauleda Roig Jaume (ESP)"]
[Result "1-0"]
[WhiteElo "2267"]
[BlackElo "2146"]

1.d4 Nf6 2.Nf3 g6 3.g3 Bg7 4.Bg2 O-O 5.c4 d6 6.O-O Nc6 7.Nc3 a6 8.h3 Rb8 9.e4
e5 10.Bg5 h6 11.Be3 Qe8 12.dxe5 Nxe5 13.Nxe5 Qxe5 14.Ba7 Ra8 15.Bd4 Qg5 16.Re1
c6 17.Be3 Qa5 18.Qd2 Kh7 19.Qxd6 Be6 20.e5 Nd7 21.f4 Rfd8 22.Qe7 Bf8 23.Qh4
Nc5 24.g4 Nd3 25.Ne4 Bg7 26.f5 Qxe5 27.Bxh6 {#r} 1-0

[Event "Ch World (juniors) (team)"]
[Site "masterchessopen.com Rio de Janeiro (Brazil)"]
[Round "1"]
[White "Bastys Robertas (LTU)"]
[Black "Di Berardino Diego Rafael (BRA)"]
[Result "0-1"]
[WhiteElo "2269"]
[BlackElo "2207"]

1.d4 Nf6 2.Nf3 g6 3.g3 Bg7 4.Bg2 O-O 5.O-O d6 6.c4 Nc6 7.Nc3 a6 8.d5 Na5 9.Qd3
c5 10.Bf4 Rb8 11.a4 Nh5 12.Bg5 h6 13.Be3 Bf5 14.Ne4 Nf6 15.Nh4 Bxe4 16.Bxe4
Nxe4 17.Qxe4 b5 18.axb5 axb5 19.cxb5 Rxb5 20.Qa4 Qb8 21.Ra2 Kh7 22.Qe4 Bf6
23.Bd2 Qc7 24.Qa4 Qb7 25.Qe4 Qc7 26.Qf4 Bg5 27.Qa4 Qb7 28.Bxg5 hxg5 29.Nf3
{#R} 0-1

[Event "It (open) \"]
[Site "masterchessopen.com Schwabisch Gmund (Germany)"]
[Round "9"]
[White "Schlosser Philipp (GER)"]
[Black "Herejk Petr (CZE)"]
[Result "1-0"]
[WhiteElo "2472"]
[BlackElo "2173"]

1.Nf3 Nf6 2.c4 g6 3.g3 Bg7 4.Bg2 O-O 5.d4 d6 6.O-O Nc6 7.Nc3 a6 8.b3 Rb8 9.Nd5
b5 10.Nxf6+ Bxf6 11.Bh6 Bg7 12.Bxg7 Kxg7 13.d5 Na5 14.cxb5 axb5 15.Qd4+ Kg8
16.Qa7 Bd7 17.Qxa5 b4 18.Qa7 Rb6 19.Rfc1 c5 20.dxc6 Bxc6 21.Nd4 {#r} 1-0

[Event "Ch Departamental"]
[Site "masterchessopen.com Tolima (Colombia)"]
[Round "6"]
[White "Rengifo Jose Ignacio (COL)"]
[Black "Nunez Gustavo (COL)"]
[Result "1-0"]
[WhiteElo "2133"]
[BlackElo "2272"]

1.d4 Nf6 2.c4 g6 3.Nc3 Bg7 4.Nf3 O-O 5.g3 d6 6.Bg2 Nc6 7.O-O a6 8.h3 Rb8 9.Bd2
b5 10.d5 Na5 11.cxb5 axb5 12.Nd4 b4 13.Ncb5 e5 14.dxe6 c5 15.Bf4 cxd4 16.e7
Qxe7 17.Bxd6 Qd7 18.Bxf8 Kxf8 19.Nxd4 Ba6 20.Re1 Nc4 21.b3 Na3 22.Nc6 Rb6
23.Qc1 Nd5 24.Qc5+ Kg8 25.Qxd5 {#r} 1-0

[Event "It (open)"]
[Site "masterchessopen.com Bad Wiessee (Germany)"]
[Date "2001.10.29"]
[Round "3"]
[White "Prusikin Michael (GER)"]
[Black "Daurer Walter (GER)"]
[Result "1-0"]
[WhiteElo "2502"]
[BlackElo "2260"]

1.d4 Nf6 2.c4 g6 3.Nc3 Bg7 4.g3 O-O 5.Bg2 d6 6.Nf3 Nc6 7.O-O a6 8.b3 Rb8 9.Nd5
e6 10.Nxf6+ Bxf6 11.Bh6 Re8 12.e4 e5 13.d5 Nd4 14.Nxd4 exd4 15.Rc1 c5 16.dxc6
bxc6 17.c5 dxc5 18.Rxc5 Rb5 19.Rxc6 Bb7 20.Rc4 Bxe4 21.Bxe4 Rxe4 22.Qf3 Re6
23.Rfc1 Rb8 24.Rc6 Rxc6 25.Rxc6 Rb6 26.Qxf6 {#r} 1-0

[Event "Cup Tenkes (open)"]
[Site "masterchessopen.com Harkany (Hungary)"]
[Date "2001.11.25"]
[Round "7"]
[White "Fleuch Hans-Juergen (GER)"]
[Black "Zimmerman Yuri (ISR)"]
[Result "0-1"]
[WhiteElo "2155"]
[BlackElo "2359"]

1.d4 d6 2.Nf3 g6 3.g3 Nf6 4.Bg2 Bg7 5.c4 O-O 6.Nc3 Nc6 7.O-O a6 8.e3 Rb8 9.Qe2
b5 10.Rd1 Na5 11.cxb5 axb5 12.b4 Nc6 13.a3 e6 14.Qc2 Bd7 15.Nd2 Ne7 16.Nb3 Ne8
17.Bb2 f5 18.e4 fxe4 19.Nxe4 Nd5 20.Na5 Rb6 21.Qe2 Ra6 22.Nb3 Nb6 23.Bc3 Na4
24.Bd2 Qc8 25.Rac1 Nb2 26.Na5 Nxd1 27.Qxd1 Bxd4 28.Bh6 Bg7 29.Be3 Qb8 {#R} 0-1

[Event "Staatsliga B West 2002/03"]
[Site "masterchessopen.com Austria"]
[Round "3"]
[White "Schoeppl Engelbert (AUT)"]
[Black "Fruehauf Norbert (AUT)"]
[Result "1-0"]
[WhiteElo "2242"]
[BlackElo "2090"]

1.c4 g6 2.Nc3 Bg7 3.d4 Nf6 4.Nf3 d6 5.g3 O-O 6.Bg2 Nc6 7.O-O a6 8.h3 Rb8 9.a4
e5 10.a5 exd4 11.Nxd4 Nxd4 12.Qxd4 Be6 13.Qd3 Nd7 14.b3 Re8 15.Bb2 Ne5 16.Qd2
Qc8 17.Kh2 h6 18.f4 Nc6 19.Ne4 Qd8 20.Bxg7 Kxg7 21.Qc3+ f6 22.b4 Bf5 23.Nf2
Rxe2 24.g4 Bd7 25.Rae1 Rxe1 26.Rxe1 Qf8 27.Ne4 Ne7 28.g5 Ng8 29.Nxf6 Nxf6
30.gxf6+ {#r} 1-0

[Event "It (open)"]
[Site "masterchessopen.com Avoine (France)"]
[Round "3"]
[White "Tetenkina Irina (SWE)"]
[Black "Kempinski Andre (FRA)"]
[Result "1-0"]
[WhiteElo "2292"]
[BlackElo "2036"]

1.Nf3 Nf6 2.c4 g6 3.Nc3 Bg7 4.g3 d6 5.d4 O-O 6.Bg2 Nc6 7.O-O a6 8.e4 Rb8 9.Qc2
e5 10.d5 Na5 11.Nd2 c5 12.a3 Bh6 13.b4 Bxd2 14.Bxd2 cxb4 15.axb4 Nxc4 16.Bg5
Nb6 17.f4 Nbd7 18.Kh1 Qb6 19.Na4 Qxb4 20.fxe5 Ng4 21.e6 fxe6 22.dxe6 Rxf1+
23.Rxf1 Nde5 {#r} 1-0

[Event "It (open)"]
[Site "masterchessopen.com Biel (Switzerland)"]
[Round "10"]
[White "Zoler Dan (ISR)"]
[Black "Kuzmin Alexey (RUS)"]
[Result "1-0"]
[WhiteElo "2528"]
[BlackElo "2576"]

1.d4 Nf6 2.c4 g6 3.g3 Bg7 4.Bg2 O-O 5.Nc3 d6 6.Nf3 Nc6 7.O-O a6 8.Re1 Rb8
9.Rb1 Bg4 10.d5 Na5 11.Nd2 c5 12.h3 Bd7 13.Qc2 b5 14.b3 e5 15.e3 Nh5 16.Ne2 f5
17.Bb2 Qe7 18.Bc3 b4 19.Bb2 e4 20.Nf4 Bxb2 21.Qxb2 Nf6 22.h4 Nb7 23.f3 Rbe8
24.fxe4 fxe4 25.Re2 Bg4 26.Rf2 Nd8 27.Rbf1 Bf5 28.Bh3 Ng4 29.Bxg4 Bxg4 30.Ng2
{#r} 1-0

[Event "It (open)"]
[Site "masterchessopen.com Biel (Switzerland)"]
[Round "2"]
[White "Zollbrecht Josef (GER)"]
[Black "Al-Modiahki Mohamad (QAT)"]
[Result "0-1"]
[WhiteElo "2308"]
[BlackElo "2569"]

1.c4 Nf6 2.g3 g6 3.Bg2 Bg7 4.Nf3 O-O 5.O-O d6 6.Nc3 a6 7.d4 Nc6 8.b3 Rb8 9.a4
a5 10.Ba3 Nb4 11.Rc1 Re8 12.Qd2 c6 13.Rfd1 Qb6 14.h3 Qa7 15.d5 Bd7 16.Nd4 Qb6
17.e4 e5 18.dxe6 Bxe6 19.Na2 Bxh3 20.Bxb4 Bxg2 21.Bxa5 Qa7 22.Bc7 Rbc8 23.Kxg2
Nxe4 24.Qe3 Rxc7 25.Nc3 Rce7 26.Nce2 Qc5 27.Qd3 Nxf2 28.Kxf2 Rxe2+ 29.Qxe2
Bxd4+ {#R} 0-1

[Event "It (open)"]
[Site "masterchessopen.com Bizovac (Croatia)"]
[Round "1"]
[White "Tomasic Dragutin (CRO)"]
[Black "Runic Zoran (BIH)"]
[Result "0-1"]
[WhiteElo "2089"]
[BlackElo "2409"]

1.d4 Nf6 2.c4 d6 3.Nf3 g6 4.g3 Bg7 5.Bg2 O-O 6.Nc3 Nc6 7.O-O a6 8.Bg5 h6 9.Bd2
e5 10.d5 Ne7 11.e4 Nh5 12.Ne1 Qe8 13.Bf3 Bh3 14.Ng2 f5 15.exf5 Nxf5 16.g4 Nd4
17.Be4 Nf6 18.f3 Qf7 19.Be3 Nxe4 20.Bxd4 Ng5 21.Be3 Nxf3+ 22.Kh1 Bxg4 23.Nh4
g5 24.h3 Qh5 25.Nxf3 Rxf3 {#R} 0-1

[Event "Olympiad (w)"]
[Site "masterchessopen.com Bled (Slovenia)"]
[Round "8"]
[White "Mamedjarova Zeinab (AZE)"]
[Black "Tay Li-Jin Jeslin (SIN)"]
[Result "1-0"]
[WhiteElo "2294"]
[BlackElo "1942"]

1.d4 Nf6 2.c4 g6 3.Nf3 Bg7 4.g3 O-O 5.Bg2 d6 6.O-O Nc6 7.Nc3 a6 8.h3 Rb8 9.e4
b5 10.e5 dxe5 11.dxe5 Qxd1 12.Rxd1 Nd7 13.cxb5 axb5 14.Be3 b4 15.Nd5 Ndxe5
16.Nxe5 Bxe5 17.Rac1 Bb7 18.Rxc6 Bxc6 19.Nxe7+ Kg7 20.Nxc6 Bxb2 21.Nxb8 Rxb8
22.Rd7 Be5 23.Bd5 Rf8 24.Bc5 Bd6 25.Bxd6 cxd6 26.Rxd6 f5 27.Rb6 Rd8 28.Bc4
Rd1+ 29.Kg2 Rb1 30.Bb3 {#r} 1-0

[Event "Ch Argentina"]
[Site "masterchessopen.com Buenos Aires (Argentina)"]
[Round "2"]
[White "Ferrara Alexis (ARG)"]
[Black "Della Morte Pablo (ARG)"]
[Result "0-1"]
[WhiteElo "2221"]
[BlackElo "2324"]

1.d4 Nf6 2.c4 g6 3.Nf3 Bg7 4.g3 O-O 5.Bg2 d6 6.O-O Nc6 7.Nc3 a6 8.h3 Rb8 9.Be3
b5 10.Nd2 Bd7 11.Rc1 e6 12.b3 Ne7 13.d5 exd5 14.cxd5 b4 15.Na4 Bxa4 16.bxa4
Nfxd5 17.Nc4 Nc3 18.Qc2 d5 19.Na5 c6 20.Nb3 Nxa4 21.Bf4 Rc8 22.Nc5 Nc3 23.Nxa6
Qb6 24.Bd6 Qxa6 25.Bxe7 Rfe8 26.Bxb4 Nxe2+ 27.Kh2 Nxc1 28.Rxc1 Re2 29.Qc5 Bf8
{#R} 0-1

[Event "Ch Argentina"]
[Site "masterchessopen.com Buenos Aires (Argentina)"]
[Round "6"]
[White "Pereira Augusto (ARG)"]
[Black "Alvarez Castillo Hector (ARG)"]
[Result "0-1"]
[WhiteElo "2258"]
[BlackElo "2224"]

1.d4 Nf6 2.c4 g6 3.Nc3 Bg7 4.Nf3 d6 5.g3 O-O 6.Bg2 a6 7.O-O Nc6 8.h3 Nd7 9.e4
e5 10.Bg5 f6 11.Be3 exd4 12.Nxd4 Nde5 13.Nde2 Be6 14.b3 Kh8 15.Qd2 Bxh3 16.Nf4
Bxg2 17.Kxg2 Qd7 18.f3 Rae8 19.Rh1 f5 20.Rh2 fxe4 21.Rah1 exf3+ 22.Kf1 h6
23.Nxg6+ Nxg6 24.Bxh6 Kg8 25.Ne4 Rxe4 26.Bxg7 Rfe8 27.Qd5+ Qe6 28.Bc3 Qxd5
29.cxd5 Nce5 {#R} 0-1

[Event "Extra League 2001/02"]
[Site "masterchessopen.com Czech Republic"]
[Round "10"]
[White "Forman Stepan (CZE)"]
[Black "Antoniewski Rafal (POL)"]
[Result "0-1"]
[WhiteElo "2253"]
[BlackElo "2491"]

1.Nf3 g6 2.d4 Bg7 3.g3 Nf6 4.Bg2 O-O 5.O-O d6 6.c4 Nc6 7.Nc3 a6 8.b3 Rb8 9.Bb2
b5 10.cxb5 axb5 11.d5 Na5 12.Nd4 b4 13.Na4 e5 14.Nc2 Bd7 15.Qe1 Bxa4 16.bxa4
Nc4 17.Nxb4 Nxb2 18.Nc6 Qd7 19.Nxb8 Rxb8 20.Rb1 e4 21.Qa5 e3 22.f4 Rb6 23.Rfc1
Ne8 24.Qa8 Qxa4 25.Qc8 Nc4 26.Bh3 Rxb1 27.Rxb1 Nb6 28.Qd8 Bf6 29.Qb8 Kg7
30.Rc1 Nxd5 {#R} 0-1

[Event "Ch France (team) (2) 2001/02"]
[Site "masterchessopen.com France"]
[Round "10"]
[White "Heurtebize Christophe (FRA)"]
[Black "Soyer Jean-Yves (FRA)"]
[Result "0-1"]
[WhiteElo "2153"]
[BlackElo "2194"]

1.c4 Nf6 2.g3 g6 3.Bg2 Bg7 4.Nc3 O-O 5.Nf3 d6 6.O-O Nc6 7.d4 a6 8.d5 Na5 9.Qd3
c5 10.dxc6 Nxc6 11.h3 Nd7 12.b3 Nc5 13.Qc2 Bf5 14.Qb2 b5 15.a3 bxc4 16.Nd2 Nd4
17.Nxc4 Ndxb3 18.Bxa8 Qxa8 19.g4 Be6 20.Nd2 Na4 {#R} 0-1

[Event "Bayern Oberliga 2001/02"]
[Site "masterchessopen.com Germany"]
[Round "9"]
[White "Schnelzer Reinhold Dr (GER)"]
[Black "Wagner Anselm (GER)"]
[Result "0-1"]
[WhiteElo "2271"]
[BlackElo "2414"]

1.Nf3 Nf6 2.c4 g6 3.g3 Bg7 4.Bg2 O-O 5.O-O d6 6.d4 a6 7.Nc3 Nc6 8.e4 Nd7 9.Be3
Rb8 10.Qd2 e5 11.dxe5 Ndxe5 12.b3 Nxf3+ 13.Bxf3 Qf6 {#R} 0-1

[Event "Bundesliga (2nd) 2001/02 (w)"]
[Site "masterchessopen.com Germany"]
[Round "6"]
[White "Beltz Martina (GER)"]
[Black "Balkiewicz Elzbieta (POL)"]
[Result "0-1"]
[WhiteElo "2137"]
[BlackElo "2158"]

1.d4 Nf6 2.Nf3 g6 3.g3 Bg7 4.Bg2 O-O 5.c4 d6 6.O-O Nc6 7.Nc3 a6 8.h3 Bd7 9.e4
Qc8 10.Kh2 e5 11.Be3 exd4 12.Nxd4 Re8 13.Rc1 Nxd4 14.Bxd4 b5 15.cxb5 axb5
16.Bxf6 Bxf6 17.Nd5 Bxb2 18.Rxc7 Qd8 19.Qc2 Be6 20.e5 Bxe5 21.f4 Bg7 22.f5
gxf5 23.Rxf5 Rxa2 24.Qxa2 Bxf5 25.Qa7 Be6 26.Ne7+ Kh8 27.Bc6 Rf8 28.Bxb5 Be5
29.Bc6 {#R} 0-1

[Event "Ch NRW"]
[Site "masterchessopen.com Germany"]
[Round "6"]
[White "Langer Christian (GER)"]
[Black "Richter Christian (GER)"]
[Result "0-1"]
[WhiteElo "2182"]
[BlackElo "2346"]

1.Nf3 Nf6 2.c4 g6 3.Nc3 Bg7 4.g3 O-O 5.Bg2 d6 6.O-O Nc6 7.d4 a6 8.e4 Bg4 9.Be3
Nd7 10.h3 Bxf3 11.Bxf3 e5 12.d5 Nd4 13.Bg2 c5 14.dxc6 bxc6 15.Qd2 Qa5 16.b3
Qxc3 {#R} 0-1

[Event "Oberliga East B 2001/02"]
[Site "masterchessopen.com Germany"]
[Round "10"]
[White "Kuhn Clemens (GER)"]
[Black "Zude Erik Dr (GER)"]
[Result "0-1"]
[WhiteElo "2048"]
[BlackElo "2312"]

1.Nf3 Nf6 2.g3 g6 3.Bg2 Bg7 4.O-O O-O 5.d4 d6 6.c4 Nc6 7.Nc3 a6 8.h3 Rb8 9.Be3
b5 10.Nd2 Bd7 11.cxb5 axb5 12.a4 b4 13.Nb5 Na5 14.Qc2 c6 15.Na7 Nd5 16.Rac1 b3
17.Qd3 Nb4 18.Qe4 d5 19.Qh4 Rb7 20.Bh6 e6 21.Bg5 f6 22.Bh6 Rxa7 23.Bxg7 Kxg7
24.Rc3 {#R} 0-1

[Event "It (open)"]
[Site "masterchessopen.com Leutersdorf (Germany)"]
[Round "3"]
[White "Sandner Gunter (GER)"]
[Black "Schoene Maria (GER)"]
[Result "1-0"]
[WhiteElo "2323"]
[BlackElo "2041"]

1.d4 Nf6 2.Nf3 g6 3.g3 Bg7 4.Bg2 O-O 5.c4 d6 6.O-O Nc6 7.Nc3 a6 8.b3 Rb8 9.Nd5
b5 10.Nxf6+ Bxf6 11.Bh6 Re8 12.Rc1 b4 13.d5 Na5 14.Nd4 Bg7 15.Bxg7 Kxg7 16.Qd2
c5 17.dxc6 Qb6 18.Rfd1 Rd8 19.Qe3 Qc7 20.c5 d5 21.Nc2 e6 22.Nxb4 Kg8 23.Rd4 e5
24.Rh4 d4 25.Qd2 {#r} 1-0

[Event "Tournament (swiss)"]
[Site "masterchessopen.com Lima (Peru)"]
[Round "5"]
[White "Ramos Ernesto (PER)"]
[Black "Figueroa Oscar Rolando (GUA)"]
[Result "1-0"]
[WhiteElo "2280"]
[BlackElo "2172"]

1.d4 Nf6 2.c4 g6 3.Nc3 Bg7 4.g3 O-O 5.Bg2 d6 6.Nf3 Nc6 7.O-O a6 8.b3 Rb8 9.a4
a5 10.Bb2 Nb4 11.e4 Nd7 12.Qe2 c6 13.Rfd1 Qc7 14.Na2 Nxa2 15.Rxa2 Qb6 16.Qc2
c5 17.d5 Bxb2 18.Rxb2 Nf6 19.h3 Qb4 20.Ne1 Qb6 21.Nd3 Qc7 22.Qc3 Nd7 23.f4 b6
24.e5 Bb7 25.Re2 Rbd8 26.Rde1 Nb8 27.Nb2 Bc8 28.exd6 Rxd6 29.Rxe7 Qd8 30.Qe5
f6 {#r} 1-0

[Event "Memorial Pablo Gorbea (open)"]
[Site "masterchessopen.com Madrid (Spain)"]
[Round "5"]
[White "Garcia Cuenca Victor (ESP)"]
[Black "Olivera Gutierrez Albert (ESP)"]
[Result "1-0"]
[WhiteElo "2252"]
[BlackElo "2062"]

1.d4 Nf6 2.c4 g6 3.Nf3 Bg7 4.g3 O-O 5.Bg2 d6 6.O-O Nc6 7.Nc3 a6 8.h3 Rb8 9.e4
e5 10.Be3 exd4 11.Nxd4 Nxd4 12.Bxd4 Be6 13.Nd5 Re8 14.Re1 Bxd5 15.cxd5 Nd7
16.Bxg7 Kxg7 17.Rc1 Rc8 18.h4 Qf6 19.Bh3 Re7 20.Rc3 Rd8 21.Rxc7 Qxb2 22.e5 Qb6
23.Rxd7 Rdxd7 24.Bxd7 Rxd7 25.e6 fxe6 26.dxe6 Re7 27.Qa1+ Kg8 28.h5 Qa5 29.h6
Qg5 30.Rc1 {#r} 1-0

[Event "Ch Croatia (team)"]
[Site "masterchessopen.com Medulin (Croatia)"]
[Round "5"]
[White "Pinter Jozsef (HUN)"]
[Black "Krstic Uros (CRO)"]
[Result "1-0"]
[WhiteElo "2562"]
[BlackElo "2404"]

1.d4 Nf6 2.c4 g6 3.Nc3 Bg7 4.Nf3 O-O 5.g3 d6 6.Bg2 Nc6 7.O-O a6 8.b3 Rb8 9.Nd5
Nh5 10.Bb2 e6 11.Ne3 Ne7 12.Rc1 f5 13.c5 b5 14.cxb6 cxb6 15.Qc2 Bh6 16.Nd2 Nf6
17.Qd3 b5 18.f4 Bb7 19.Bxb7 Rxb7 20.Nd1 Qb6 21.Nf2 Rd7 22.b4 Re8 23.Qb3 Nc8
24.Rxc8 Rxc8 25.Qxe6+ Kg7 26.d5 Rcc7 27.Qxf6+ {#r} 1-0

[Event "Ch Europe (active)"]
[Site "masterchessopen.com Panormo (Greece)"]
[Round "7"]
[White "Borovikov Vladislav (UKR)"]
[Black "Smirnov Pavel (RUS)"]
[Result "1-0"]
[WhiteElo "2596"]
[BlackElo "2572"]

1.d4 Nf6 2.Nf3 g6 3.c4 Bg7 4.g3 O-O 5.Bg2 d6 6.O-O Nc6 7.Nc3 a6 8.Qd3 Nd7
9.Be3 e5 10.Qd2 exd4 11.Nxd4 Nce5 12.b3 Nc5 13.h3 Bd7 14.Rad1 Rb8 15.Bh6 Bxh6
16.Qxh6 f5 17.Qd2 Re8 18.Kh2 b5 19.f4 b4 20.fxe5 bxc3 21.Qxc3 Rxe5 22.Bd5+ Ne6
23.Nxe6 Rxe2+ 24.Rf2 Rxe6 25.Re1 Kf7 26.Rfe2 Qc8 27.Qe3 {#r} 1-0

[Event "Tournament (regional)"]
[Site "masterchessopen.com Peru"]
[Round "5"]
[White "Garcia Jhoel (PER)"]
[Black "Ascoy Adolfo (PER)"]
[Result "0-1"]
[WhiteElo "2177"]
[BlackElo "2189"]

1.Nf3 Nf6 2.g3 g6 3.Bg2 Bg7 4.d4 O-O 5.O-O d6 6.c4 Nc6 7.Nc3 a6 8.d5 Na5 9.Nd2
c5 10.a3 Qc7 11.Qc2 Rb8 12.e4 b5 13.cxb5 axb5 14.Ne2 Nd7 15.Ra2 c4 16.b4 cxb3
17.Qxc7 bxa2 18.Bb2 Bxb2 19.Qxa5 Nc5 20.Nc3 a1=Q 21.Rxa1 Bxa1 22.Nxb5 Bd7
23.Bf1 Ra8 24.Qb4 Rfb8 25.Qb1 Bg7 26.Kg2 Ra5 27.a4 Rxa4 {#R} 0-1

[Event "Memorial M.Chigorin (open) ( b)"]
[Site "masterchessopen.com St. Petersburg (Russia)"]
[Round "6"]
[White "Tappyrov Vladimir (RUS)"]
[Black "Smelov Aleksey (RUS)"]
[Result "1-0"]
[WhiteElo "2317"]
[BlackElo "2192"]

1.d4 Nf6 2.Nf3 d6 3.g3 g6 4.Bg2 Bg7 5.O-O O-O 6.c4 Nc6 7.Nc3 a6 8.b3 Bd7 9.h3
Rb8 10.Nd5 b5 11.Nxf6+ Bxf6 12.Bh6 Re8 13.Rc1 Na5 14.Qd2 c5 15.cxb5 cxd4
16.Nxd4 axb5 17.Rfd1 Qb6 18.Be3 Qa6 19.Rc7 Red8 20.Nc2 Nb7 21.Nb4 Qa8 22.Bb6
e6 23.Rxb7 Rxb7 24.Bxd8 {#r} 1-0

[Event "It (open) \"]
[Site "masterchessopen.com Tivat (Yugoslavia)"]
[Round "0"]
[White "Jakovljevic Vlado (BIH)"]
[Black "Djukic Nikola (MNE)"]
[Result "0-1"]
[WhiteElo "2375"]
[BlackElo "2432"]

1.Nf3 Nf6 2.c4 g6 3.d4 Bg7 4.g3 O-O 5.Bg2 d6 6.Nc3 Nc6 7.O-O a6 8.h3 Bd7 9.e4
e5 10.Be3 exd4 11.Nxd4 Re8 12.Nxc6 bxc6 13.c5 Qc8 14.cxd6 Bxh3 15.Rc1 Bxg2
16.Kxg2 Rd8 17.d7 Nxd7 18.Qa4 Ne5 19.Bd4 Nd3 20.Bxg7 Kxg7 21.Rc2 Qb7 22.Qa3
Rd7 23.Qa5 h6 24.Re2 Re8 25.Rd1 Red8 26.Kh2 Qb6 27.Qxb6 cxb6 28.a3 h5 29.Rc2
Nxf2 {#R} 0-1

[Event "It (open)"]
[Site "masterchessopen.com Debrecen (Hungary)"]
[Date "2002.10.19"]
[Round "3"]
[White "Prokopishin Vasily (UKR)"]
[Black "Dani Peter (HUN)"]
[Result "1-0"]
[WhiteElo "2353"]
[BlackElo "2129"]

1.Nf3 Nf6 2.d4 g6 3.g3 Bg7 4.Bg2 O-O 5.c4 d6 6.O-O Nc6 7.Nc3 a6 8.h3 Na5 9.b3
Rb8 10.e4 c5 11.dxc5 Nxe4 12.Nxe4 Bxa1 13.Ba3 Bg7 14.cxd6 e6 15.Qd2 Bd7 16.Rd1
Nc6 17.Bb2 e5 18.Nc5 Re8 19.Ng5 h6 20.Nge4 Nd4 21.Nxd7 Qxd7 22.c5 b6 23.Bxd4
exd4 24.c6 Qe6 25.Qb4 a5 26.Qc4 Qf5 27.d7 Red8 28.Nd6 Qe5 29.Nb5 {#r} 1-0

[Event "Ch Argentina (juniors) (under 14)"]
[Site "masterchessopen.com Argentina"]
[Round "1"]
[White "Goldwaser Christian (ARG)"]
[Black "Carrera Martin (ARG)"]
[Result "1-0"]
[WhiteElo "2214"]
[BlackElo "1998"]

1.d4 Nf6 2.Nf3 g6 3.c4 Bg7 4.g3 O-O 5.Bg2 d6 6.O-O Nc6 7.Nc3 a6 8.h3 Rb8 9.Be3
Bd7 10.Rc1 b5 11.Nd2 b4 12.Nce4 Nxe4 13.Nxe4 h6 14.d5 Na5 15.c5 f5 16.c6 Be8
17.Nd2 Bxb2 18.Rb1 Bg7 19.Qa4 Rb5 20.Rxb4 Qa8 21.Rfb1 Rc5 22.Bxc5 dxc5 23.Rb8
Bxc6 24.Rxf8+ Kxf8 25.dxc6 Bc3 26.Nb3 Nxb3 27.Qxb3 {#r} 1-0

[Event "It (cat.2)"]
[Site "masterchessopen.com Budapest (Hungary)"]
[Round "4"]
[White "Zhidkov Valery S (UKR)"]
[Black "Yeke Serkan (TUR)"]
[Result "1-0"]
[WhiteElo "2394"]
[BlackElo "2261"]

1.Nf3 Nf6 2.c4 g6 3.g3 Bg7 4.Bg2 O-O 5.O-O d6 6.d4 Nc6 7.Nc3 a6 8.h3 Bd7 9.e4
e5 10.d5 Nd4 11.Nxd4 exd4 12.Qxd4 Qc8 13.h4 Bb5 14.cxb5 axb5 15.Qb4 Ng4 16.Bf4
{#r} 1-0

[Event "It (open)"]
[Site "masterchessopen.com Cullera (Spain)"]
[Round "4"]
[White "Navarro Ortiz De Orruno P (ESP)"]
[Black "Torres Sanchez Jose (ESP)"]
[Result "0-1"]
[WhiteElo "2089"]
[BlackElo "2278"]

1.d4 Nf6 2.c4 g6 3.Nf3 Bg7 4.g3 O-O 5.Bg2 d6 6.O-O Nc6 7.Nc3 a6 8.Re1 e5 9.e4
Bg4 10.Be3 Re8 11.d5 Nd4 12.h3 Nxf3+ 13.Bxf3 Bxh3 14.Qd2 Ng4 15.Bxg4 Bxg4
16.Kg2 Qf6 17.f4 exf4 18.gxf4 Bh5 {#R} 0-1

[Event "Cup World IPCA"]
[Site "masterchessopen.com Hrabyne"]
[Round "8"]
[White "Kocur Walter (CZE)"]
[Black "Orzechowski Jacek (POL)"]
[Result "0-1"]
[WhiteElo "2121"]
[BlackElo "2260"]

1.c4 g6 2.Nc3 Bg7 3.g3 Nf6 4.Nf3 O-O 5.Bg2 d6 6.O-O a6 7.d4 Nc6 8.b3 Rb8 9.Bb2
Bd7 10.e4 b5 11.cxb5 axb5 12.Qc2 b4 13.Nd5 Nxd5 14.exd5 Na7 15.Qd2 c6 16.dxc6
Bxc6 17.Rfc1 Qb6 18.Re1 e6 19.Qf4 Nb5 20.a4 bxa3 21.Bxa3 Bxf3 22.Qxf3 Bxd4
23.Ra2 Nxa3 24.Rxa3 Qb4 {#R} 0-1

[Event "Ch Europe"]
[Site "masterchessopen.com Istanbul (Turkey)"]
[Round "10"]
[White "Bocharov Dmitry (RUS)"]
[Black "Inarkiev Ernesto (RUS)"]
[Result "0-1"]
[WhiteElo "2574"]
[BlackElo "2604"]

{ Bocharov Dmitry (RUS) +0 =1 -1 Inarkiev Ernesto (KGZ) +1 =1 -1 } 1.d4 { 1 }
1...Nf6 2.Nf3 g6 3.c4 Bg7 4.g3 O-O 5.Bg2 d6 6.Nc3 Nc6 7.O-O a6 8.Qd3 { ?/= } (
8.d5 Na5 9.b3 c5 10.dxc6 bxc6 11.Bd2 Rb8 12.Qc1 c5 13.Bh6 Nc6 14.Rd1 Qa5
15.Bxg7 Kxg7 16.h3 Bb7 17.g4 Nb4 18.g5 Ne4 19.Nh2 Nxc3 20.Qxc3+ Kg8 21.Ng4 h5
22.gxh6 f6 23.Qe3 Qc7 24.a3 Nc6 25.Rab1 a5 26.Rb2 Kh7 27.Qg3 Nd4 { ...1/2-1/2,
Bocharov Dmitry 2425 - Abashev Denis 2407 , Novosibirsk 2001 It (open) } )
8...Bd7 ( 8...e5 9.dxe5 dxe5 10.Qxd8 Rxd8 11.Bg5 Re8 12.Rfd1 h6 13.Bxf6 Bxf6
14.Nd2 Nd4 15.Nde4 Bd8 16.Nc5 Rb8 17.e3 Ne6 18.Nd7 Bxd7 19.Rxd7 Nc5 20.Rd2 a5
21.Rd5 Be7 22.Ne4 Nxe4 23.Bxe4 b6 24.Kg2 { 1/2-1/2, Zugic Igor 2399 - Babula
Vlastimil 2582 , Istanbul 2000 Olympiad } ) 9.d5 Nb4 10.Qd2 ( 10.Qd1 a5 11.e4
e5 12.Ne1 c6 13.dxc6 Bxc6 14.Be3 b6 15.Nd3 Na6 16.Qe2 Qb8 17.Rfd1 Qb7 18.f3
Rfd8 19.Rd2 Nc5 20.Rad1 Qe7 21.Bh3 Qf8 22.b3 h5 23.Qf2 Rab8 24.Bg5 Ne6 25.Bxe6
fxe6 26.Nb2 Rd7 27.Kg2 Rbb7 28.h3 Qb8 29.Rd3 Ne8 { ...1-0, Dautov Rustem 2604
- Shirov Alexei 2723 , Germany 2003 Bundesliga 2002/03 } ) ( 10.Qb1 a5 11.a3
Na6 12.b4 Bf5 13.Qb3 axb4 14.axb4 Nc5 15.Rxa8 Nxb3 16.Rxd8 Rxd8 17.Nb5 Bd7
18.Bb2 Ra8 19.Rb1 Bf5 20.Re1 Ra2 21.Bxf6 Bxf6 22.e4 Bg4 23.e5 dxe5 24.Nxc7 Nd4
25.Nxd4 exd4 26.Bf1 d3 27.Bxd3 Bd4 28.Rf1 Bh3 29.c5 Bxf1 { ...0-1, Groenn Atle
2378 - Milov Vadim 2602 , Oslo 2002 It (cat.6) } ) 10...a5 { } 11.Nd4 Qc8 { N
} ( 11...Ng4 12.Rb1 c5 13.dxc6 Nxc6 14.Nxc6 bxc6 ( 14...Bxc6 15.b3 Ne5 16.Bb2
a4 17.Bxc6 bxc6 18.f4 a3 19.Ba1 Qb6+ 20.Kg2 Ng4 21.Rf3 Rfd8 22.e4 Nf6 23.Rd1
Qa5 24.Rd3 Rdb8 25.Qe2 Nd7 26.Na4 Bxa1 27.Rxa1 Qb4 28.Nc3 Nc5 29.Rf3 Qa5 30.h4
h5 31.Qe3 { ...1-0, Filippov Valerij 2616 - Hernandez Gilberto 2542 , Merida
2002 Memorial C.Torre (open) (final) } ) 15.b3 Bf5 16.e4 Be6 17.Bb2 Rb8 18.Ne2
Bxb2 19.Rxb2 Qb6 20.Rc2 a4 21.c5 dxc5 22.bxa4 Rfd8 23.Qc1 c4 24.Nf4 Bc8
25.Rxc4 Ba6 26.Rxc6 Qa7 27.Rc7 Qd4 28.Re1 Qxf2+ 29.Kh1 Rbc8 30.Rxc8 Rxc8
31.Qa1 { ...0-1, Borovikov Vladislav 2593 - Ponomariov Ruslan 2684 ,
Kramatorsk 2001 Cup Governor's (cat.15) } ) 12.Re1 Bh3 13.Bh1 Ng4 14.Nf3 h6
15.Rb1 Qf5 16.e4 Qh5 17.a3 Na6 18.Ne2 e5 19.dxe6 fxe6 20.Nf4 Rxf4 21.Qxf4 Nc5
22.a4 { ? } ( { ? } 22.Qd2 Nb3 23.Qc2 Nd4 24.Qd1 { } ) {#R} 0-1